مكتبة جامعة عجلون الوطنية

فهرس بحث المكتبة

Normal view MARC view
  • أمثال عربية

Entry Topical Term

Number of records used in: 1

001 - CONTROL NUMBER

  • control field: 39478

003 - CONTROL NUMBER IDENTIFIER

  • control field: JO-AjAnu

005 - DATE AND TIME OF LATEST TRANSACTION

  • control field: 20230606080550.0

008 - FIXED-LENGTH DATA ELEMENTS

  • fixed length control field: 230606|| aca||aabn | a|a d

040 ## - CATALOGING SOURCE

  • Original cataloging agency: JO-AjAnu
  • Transcribing agency: JO-AjAnu

150 ## - HEADING--TOPICAL TERM

  • Topical term or geographic name entry element: أمثال عربية

670 ## - SOURCE DATA FOUND

  • Source citation: Work cat.: (JO-AjAnu)20243: إعداد دنون، محمود كامل, author 39477, مضارب الأمثال: نخبة من الأمثال الفريدة والمنتقاة تضرب في شتى العلاقات والمواقف والإهتمامات الإنسانية